[Event "Olimpiade 2014 - Open"]
[Site "Tromsø"]
[Date "03.08.2014"]
[Round "2.84"]
[Board "4"]
[White "Balbalosa, Jeffrey"]
[Black "Vodyasov, Evgeny"]
[Result "0-1"]
[BlackTitle "IM"]
[WhiteElo "1723"]
[BlackElo "2226"]
[WhiteTeam "Palau"]
[BlackTeam "IPCA"]
[WhiteFideId "16600240"]
[BlackFideId "4135164"]
[EventDate "2014.08.02"]

1. d4 e6 2. e3 f5 3. Nf3 Nf6 4. Bd3 b6 5. Nbd2 Bb7 6. c3 d5 7. Qc2 Bd6 8. b3
Nbd7 9. Bb2 Ne4 10. Bxe4 fxe4 11. Ng1 Qg5 12. g3 O-O 13. O-O-O c5 14. Nh3 Qh6
15. Nf4 g5 16. dxc5 Nxc5 17. b4 Nd7 18. Nxe4 Be7 19. Rhg1 gxf4 20. gxf4+ Kf7 21.
Ng5+ Bxg5 22. fxg5 Qg6 23. Qa4 Ke7 24. f4 a6 25. a3 Qe4 26. Rde1 Nc5 27. Qd1
Nd3+ 28. Kd2 Nxb2 29. Qh5 Rac8 30. Re2 d4 31. exd4 Qd3+ 32. Kc1 Rxc3+ 33. Kxb2
Rb3+ 34. Ka2 Rxa3+ 35. Kb2 Qc3+ 0-1

[Event "Olimpiade 2014 - Open"]
[Site "Tromsø"]
[Date "03.08.2014"]
[Round "2.85"]
[Board "1"]
[White "Jobava, Baadur"]
[Black "Dukaczewski, Piotr"]
[Result "1-0"]
[WhiteTitle "GM"]
[BlackTitle "IM"]
[WhiteElo "2713"]
[BlackElo "2288"]
[WhiteTeam "Georgia"]
[BlackTeam "IBCA"]
[WhiteFideId "13601520"]
[BlackFideId "1103520"]
[EventDate "2014.08.02"]

1. b3 e5 2. Bb2 Nc6 3. e3 Nf6 4. Bb5 Bd6 5. Na3 e4 6. Nc4 Be7 7. Bxc6 dxc6 8.
Ne2 O-O 9. O-O b6 10. a4 Re8 11. Nd4 Qd5 12. f3 exf3 13. Qxf3 Qxf3 14. Rxf3 c5
15. Nb5 Bd8 16. Bxf6 gxf6 17. Raf1 a6 18. Nc3 Bb7 19. Rg3+ Kh8 20. d3 Be7 21. e4
Rg8 22. Rgf3 Rg6 23. Ne3 Rag8 24. g3 Bd8 25. Kg2 h5 26. Rf5 Rh6 27. Ncd5 Rgg6
28. Nf4 Rg5 29. h4 Rxf5 30. Nxf5 Rh7 31. Nd5 Kg8 32. g4 Kf8 33. Kg3 hxg4 34. Rh1
c6 35. Nde3 Bc7+ 36. Kxg4 Bc8 37. h5 Be6 38. h6 Be5 39. Kf3 Ke8 40. Ng4 Kd7 41.
Nxe5+ fxe5 42. Ng7 Ke7 43. Nxe6 Kxe6 44. Kg4 Kf6 45. Kh5 Rh8 46. Rf1+ Ke6 47.
Rf5 a5 48. c4 f6 49. Rf1 Kf7 50. Rg1 Rh7 51. Rg3 Rh8 52. Rg7+ Ke6 53. Kg6 1-0

[Event "Olimpiade 2014 - Open"]
[Site "Tromsø"]
[Date "03.08.2014"]
[Round "2.85"]
[Board "2"]
[White "Meshkov, Yuri A."]
[Black "Pantsulaia, Levan"]
[Result "0-1"]
[WhiteTitle "IM"]
[BlackTitle "GM"]
[WhiteElo "2357"]
[BlackElo "2581"]
[WhiteTeam "IBCA"]
[BlackTeam "Georgia"]
[WhiteFideId "4107101"]
[BlackFideId "13602071"]
[EventDate "2014.08.02"]

1. c4 c5 2. g3 Nc6 3. Bg2 g6 4. Nc3 Bg7 5. a3 Nh6 6. h4 f5 7. Rb1 O-O 8. b4 f4
9. gxf4 cxb4 10. axb4 Rxf4 11. e3 Rf8 12. b5 Na5 13. Nce2 e6 14. d3 d5 15. Qa4
Ng4 16. Nf3 Rxf3 17. Bxf3 Ne5 18. Nd4 Nxd3+ 19. Ke2 Nxc4 20. Kxd3 e5 21. Rb4
exd4 22. Rxc4 dxc4+ 23. Qxc4+ Kh8 24. Ke2 Qe7 25. Rd1 Be6 26. Qa4 Rc8 27. Qxa7
d3+ 28. Kf1 Bb3 29. Ba3 Bxd1 30. Bxd1 Qxh4 31. Qxb7 Qh3+ 32. Kg1 Be5 33. f4
Qxe3+ 34. Kg2 Rb8 35. Qd5 Qd2+ 36. Kh3 Qxf4 37. Qxd3 Qh2+ 38. Kg4 Qh5# 0-1

[Event "Olimpiade 2014 - Open"]
[Site "Tromsø"]
[Date "03.08.2014"]
[Round "2.85"]
[Board "3"]
[White "Nigalidze, Gaioz"]
[Black "Stachanczyk, Jacek"]
[Result "1-0"]
[WhiteTitle "GM"]
[BlackTitle "FM"]
[WhiteElo "2542"]
[BlackElo "2299"]
[WhiteTeam "Georgia"]
[BlackTeam "IBCA"]
[WhiteFideId "13603078"]
[BlackFideId "1116657"]
[EventDate "2014.08.02"]

1. d4 d5 2. c4 c6 3. Nf3 Nf6 4. Nc3 dxc4 5. a4 Bf5 6. Ne5 Nbd7 7. Nxc4 Qc7 8. g3
e5 9. dxe5 Nxe5 10. Bf4 Nfd7 11. Bg2 g5 12. Ne3 gxf4 13. Nxf5 O-O-O 14. O-O fxg3
15. hxg3 Nc5 16. Qc2 h5 17. b4 Ne6 18. b5 cxb5 19. axb5 Bb4 20. Rxa7 Qxc3 21.
Qxc3+ Bxc3 22. Rc1 Nc5 23. Rxc3 Rd1+ 24. Kh2 Ng4+ 25. Kh3 Nxf2+ 26. Kh4 Kb8 27.
b6 Rb1 28. Rxc5 Rb4+ 29. e4 Nxe4 30. Bxe4 Rxe4+ 31. Kh3 1-0

[Event "Olimpiade 2014 - Open"]
[Site "Tromsø"]
[Date "03.08.2014"]
[Round "2.85"]
[Board "4"]
[White "Mueller, Oliver"]
[Black "Shanava, Konstantine"]
[Result "0-1"]
[WhiteTitle "FM"]
[BlackTitle "GM"]
[WhiteElo "2312"]
[BlackElo "2563"]
[WhiteTeam "IBCA"]
[BlackTeam "Georgia"]
[WhiteFideId "4633385"]
[BlackFideId "13601784"]
[EventDate "2014.08.02"]

1. d4 g6 2. Nf3 Bg7 3. e4 c6 4. Nbd2 d6 5. Be2 Nf6 6. O-O O-O 7. c3 Nbd7 8. h3
Qc7 9. Qc2 b6 10. a4 a6 11. Re1 Bb7 12. Bf1 e5 13. dxe5 dxe5 14. Nc4 b5 15. Ncd2
Nc5 16. b3 Rfd8 17. Ba3 Ne6 18. Bb2 Nd7 19. b4 Nb6 20. axb5 cxb5 21. Rac1 Rac8
22. Qb3 Bh6 23. Rcd1 Na4 24. c4 Nxb2 25. Qxb2 Nd4 26. cxb5 axb5 27. Nxd4 exd4
28. Nf3 Qc3 29. Qb1 Bg7 30. Bxb5 Rb8 31. Rc1 Qa3 32. Red1 Ba8 0-1

[Event "Olimpiade 2014 - Open"]
[Site "Tromsø"]
[Date "04.08.2014"]
[Round "3.1"]
[Board "2"]
[White "Bacrot, Etienne"]
[Black "Sargissian, Gabriel"]
[Result "1/2-1/2"]
[WhiteTitle "GM"]
[BlackTitle "GM"]
[WhiteElo "2720"]
[BlackElo "2686"]
[WhiteTeam "France"]
[BlackTeam "Armenia"]
[WhiteFideId "605506"]
[BlackFideId "13300881"]
[EventDate "2014.08.02"]

1. e4 e5 2. Nf3 Nc6 3. Bb5 Nf6 4. O-O Nxe4 5. d4 Nd6 6. Bxc6 dxc6 7. dxe5 Nf5 8.
Qxd8+ Kxd8 9. h3 Ke8 10. Nc3 h5 11. Bf4 Bb4 12. Ne2 Be6 13. Rfd1 Bd5 14. Nfd4
Nxd4 15. Nxd4 Rd8 16. Nf5 Rg8 17. Bg5 Rd7 18. a3 Bf8 19. f3 f6 20. Bf4 g5 21.
Bg3 Kf7 22. exf6 Kxf6 23. Ne3 Bc5 24. Bf2 Bxe3 25. Bxe3 Re7 26. Re1 Rge8 27. Kf2
b6 28. h4 gxh4 29. Bd4+ Kg6 30. Rxe7 Rxe7 31. Rh1 c5 32. Be3 Rd7 33. Rxh4 Be6
34. Rh1 Bf5 35. c3 Bc2 36. Bf4 Re7 37. Rh3 Bd3 38. Be3 Re5 39. g4 hxg4 40. fxg4
Re7 41. Rh6+ Kg7 42. g5 Bg6 43. Rh2 Kf7 44. Kf3 Ke6 45. Rd2 Rd7 1/2-1/2

[Event "Olimpiade 2014 - Open"]
[Site "Tromsø"]
[Date "04.08.2014"]
[Round "3.1"]
[Board "3"]
[White "Movsesian, Sergei"]
[Black "Fressinet, Laurent"]
[Result "0-1"]
[WhiteTitle "GM"]
[BlackTitle "GM"]
[WhiteElo "2672"]
[BlackElo "2708"]
[WhiteTeam "Armenia"]
[BlackTeam "France"]
[WhiteFideId "310204"]
[BlackFideId "608742"]
[EventDate "2014.08.02"]

1. Nf3 d5 2. g3 g6 3. Bg2 Bg7 4. c4 c6 5. Qb3 e5 6. d3 Ne7 7. O-O O-O 8. Bg5 f6
9. Bd2 d4 10. e3 dxe3 11. Bxe3 Nf5 12. Na3 Na6 13. Rad1 Nxe3 14. fxe3 Qb6 15.
Nc2 Qxb3 16. axb3 Bf5 17. Nh4 Bg4 18. Bf3 Bh3 19. Bg2 Bg4 20. Bf3 Be6 21. d4
Rfd8 22. Ra1 Nc7 23. Ra5 a6 24. Bg2 Rd7 25. Nf3 Rf8 26. Nfe1 exd4 27. exd4 f5
28. Nf3 Rd6 29. Ne5 Bc8 30. Re1 f4 31. gxf4 Ne6 32. c5 Rdd8 33. d5 cxd5 34. c6
Nxf4 35. c7 Rd6 36. Nb4 Re8 37. Nbd3 Nxd3 38. Nxd3 Bd4+ 39. Kh1 Rxe1+ 40. Nxe1
Bb6 41. Rxd5 Rxd5 42. Bxd5+ Kg7 43. Nd3 Kf6 44. Kg2 Bxc7 45. h4 Bd6 46. Kf3 b6
47. Nf2 Be7 48. Kf4 Kg7 49. Kg3 Bf6 50. Nd3 Bf5 51. Nf4 Bxb2 52. Kf3 Bf6 53. h5
Be5 54. Ne6+ Kf6 55. Nf8 gxh5 56. Be4 Bg4+ 0-1

[Event "Olimpiade 2014 - Open"]
[Site "Tromsø"]
[Date "04.08.2014"]
[Round "3.1"]
[Board "4"]
[White "Edouard, Romain"]
[Black "Akopian, Vladimir"]
[Result "1/2-1/2"]
[WhiteTitle "GM"]
[BlackTitle "GM"]
[WhiteElo "2680"]
[BlackElo "2655"]
[WhiteTeam "France"]
[BlackTeam "Armenia"]
[WhiteFideId "633429"]
[BlackFideId "13300032"]
[EventDate "2014.08.02"]

1. d4 d5 2. c4 c6 3. Nf3 Nf6 4. Nc3 dxc4 5. a4 Bf5 6. Ne5 Nbd7 7. Nxc4 Nb6 8.
Ne5 a5 9. f3 Nfd7 10. Nxd7 Nxd7 11. e4 Bg6 12. Be3 e5 13. dxe5 Nxe5 14. Qe2 Nd7
15. Rd1 Bb4 16. g3 Qe7 17. Bh3 Rd8 18. O-O O-O 19. Rd4 Rfe8 20. Rfd1 Nf8 21. Qd3
Rxd4 22. Qxd4 f5 23. exf5 Bxf5 24. Bxf5 Qxe3+ 25. Qxe3 Rxe3 26. Kf2 Bc5 27. Kg2
Bb4 28. Rd8 g6 29. Be4 Bxc3 30. bxc3 Re2+ 31. Kh3 Ra2 32. Rb8 Rxa4 33. Rxb7 Rc4
34. Bb1 Rxc3 35. Ba2+ Kh8 36. Rf7 Kg8 37. Ra7+ Kh8 38. Rf7 Kg8 39. Re7+ 1/2-1/2

[Event "Olimpiade 2014 - Open"]
[Site "Tromsø"]
[Date "04.08.2014"]
[Round "3.2"]
[Board "3"]
[White "Onischuk, Alexander"]
[Black "Van Wely, Loek"]
[Result "1-0"]
[WhiteTitle "GM"]
[BlackTitle "GM"]
[WhiteElo "2659"]
[BlackElo "2662"]
[WhiteTeam "United States of America"]
[BlackTeam "Netherlands"]
[WhiteFideId "14101025"]
[BlackFideId "1000268"]
[EventDate "2014.08.02"]

1. d4 Nf6 2. c4 e6 3. Nc3 Bb4 4. Nf3 c5 5. g3 Ne4 6. Qd3 Qa5 7. Qxe4 Bxc3+ 8.
Bd2 Bxd2+ 9. Nxd2 O-O 10. dxc5 Nc6 11. Bg2 b6 12. Qe3 Bb7 13. O-O Qxc5 14. Qxc5
bxc5 15. Rfd1 Rab8 16. Nb3 Ne5 17. Nxc5 Bxg2 18. Kxg2 Rxb2 19. Nxd7 Nxd7 20.
Rxd7 Rc2 21. Rxa7 g5 22. a4 Rxe2 23. Rd1 Rc2 24. Rd4 Kg7 25. a5 Kg6 26. a6 Ra2
27. Rdd7 h5 28. c5 Rc8 29. Rxf7 Rxc5 30. Rg7+ Kh6 31. Rh7+ Kg6 32. Rag7+ Kf6 33.
a7 Rcc2 34. Rf7+ Kg6 35. Rhg7+ Kh6 36. Rg8 1-0

[Event "Olimpiade 2014 - Open"]
[Site "Tromsø"]
[Date "04.08.2014"]
[Round "3.2"]
[Board "4"]
[White "Van Kampen, Robin"]
[Black "Akobian, Varuzhan"]
[Result "1-0"]
[WhiteTitle "GM"]
[BlackTitle "GM"]
[WhiteElo "2638"]
[BlackElo "2653"]
[WhiteTeam "Netherlands"]
[BlackTeam "United States of America"]
[WhiteFideId "1020854"]
[BlackFideId "13300580"]
[EventDate "2014.08.02"]

1. e4 e5 2. Nf3 Nc6 3. Bb5 Nf6 4. O-O Nxe4 5. Re1 Nd6 6. Nxe5 Be7 7. Bf1 Nxe5 8.
Rxe5 O-O 9. Nc3 Bf6 10. Re1 Re8 11. Nd5 Rxe1 12. Nxf6+ Qxf6 13. Qxe1 b6 14. d3
Bb7 15. f3 Re8 16. Qf2 Nf5 17. c3 Nh4 18. Bd2 h6 19. d4 g5 20. Re1 Rxe1 21. Qxe1
Qf5 22. Be2 b5 23. Qf1 a6 24. Bd3 Qe6 25. b3 Qf6 26. Qf2 Kg7 27. Bc1 Ng6 28. Qe3
Nf4 29. Bc2 d6 30. h4 a5 31. Kh2 Kf8 32. Bd2 Ne6 33. Qd3 g4 34. Kg3 gxf3 35.
gxf3 Qg7+ 36. Kf2 Qf6 37. Kg3 Qg7+ 38. Kh3 h5 39. d5 Nc5 40. Qd4 f6 41. Bf5 Ke7
42. c4 b4 43. Kh2 Kd8 44. Qg1 Qxg1+ 45. Kxg1 Bc8 46. Bg6 Bd7 47. Kf2 Be8 48. Bc2
Ke7 49. Ke2 Kf7 50. Bh6 Bd7 51. Bc1 Kg7 52. a3 Be8 53. axb4 axb4 54. Bd2 Bg6 55.
Bd1 Na6 56. Ke3 Bb1 57. Kd4 Bf5 58. c5 Nxc5 59. Bxb4 Nd7 60. Ba5 Nb6 61. f4 Kg6
62. Bf3 Bg4 63. Be4+ Bf5 64. Bxb6 cxb6 65. Ke3 Bxe4 66. Kxe4 Kg7 67. f5 Kf7 68.
Kd4 Ke7 69. Kc4 Kd7 70. Kb5 Kc7 71. Ka6 1-0

[Event "Olimpiade 2014 - Open"]
[Site "Tromsø"]
[Date "04.08.2014"]
[Round "3.3"]
[Board "2"]
[White "Drasko, Milan"]
[Black "Agdestein, Simen"]
[Result "1/2-1/2"]
[WhiteTitle "GM"]
[BlackTitle "GM"]
[WhiteElo "2437"]
[BlackElo "2630"]
[WhiteTeam "Montenegro"]
[BlackTeam "Norway"]
[WhiteFideId "900397"]
[BlackFideId "1500015"]
[EventDate "2014.08.02"]

1. Nf3 Nf6 2. g3 b6 3. Bg2 Bb7 4. c4 c5 5. O-O g6 6. Nc3 Bg7 7. d4 cxd4 8. Qxd4
d6 9. Rd1 Nbd7 10. Be3 a6 11. Qd2 O-O 12. Rac1 Rc8 13. b3 Ne4 14. Nxe4 Bxe4 15.
Nd4 Bxg2 16. Kxg2 Rc7 17. f3 Qb8 18. Nc2 Re8 19. Nb4 Qb7 20. Nd5 Rc6 21. Rc2 Ne5
22. Rdc1 h5 23. Nb4 Rcc8 24. Nd5 Rc6 25. Nb4 Rcc8 26. Nd5 1/2-1/2

[Event "Olimpiade 2014 - Open"]
[Site "Tromsø"]
[Date "04.08.2014"]
[Round "3.3"]
[Board "3"]
[White "Hammer, Jon Ludvig"]
[Black "Kosic, Dragan"]
[Result "1-0"]
[WhiteTitle "GM"]
[BlackTitle "GM"]
[WhiteElo "2628"]
[BlackElo "2486"]
[WhiteTeam "Norway"]
[BlackTeam "Montenegro"]
[WhiteFideId "1503707"]
[BlackFideId "900290"]
[EventDate "2014.08.02"]

1. e4 e6 2. d4 d5 3. Nd2 c5 4. Ngf3 cxd4 5. Nxd4 Nc6 6. Bb5 Bd7 7. Nxc6 Bxc6 8.
Bxc6+ bxc6 9. c4 Nf6 10. Qa4 Qc7 11. exd5 exd5 12. O-O Be7 13. b3 O-O 14. Bb2
Qf4 15. Nf3 Rfc8 16. Rac1 Nd7 17. Qa5 Bd8 18. Qe1 Bf6 19. Bxf6 Nxf6 20. Qa5 h6
21. cxd5 Nxd5 22. Rc4 Qf6 23. Rfc1 Nf4 24. Qd2 g5 25. Qc2 c5 26. g3 Ne6 27. Kg2
Rd8 28. Qe4 Rab8 29. Ne5 h5 30. Nd3 g4 31. Nxc5 Rd2 32. Qe3 Rxa2 33. Nxe6 Qf3+
34. Qxf3 gxf3+ 35. Kxf3 Rxb3+ 36. Kg2 fxe6 37. Rc8+ Kg7 38. R1c7+ Kg6 39. Rg8+
Kf6 40. Rf8+ Kg6 41. Rg8+ Kf6 42. Rf8+ Kg6 43. Rcf7 h4 44. Rf6+ Kg7 45. R8f7+
Kg8 46. Re7 hxg3 47. hxg3 Rb6 48. Rexe6 Rxe6 49. Rxe6 Kf7 50. Rh6 a5 51. Ra6 a4
52. Kf3 a3 53. g4 Kg7 54. Kg3 Ra1 55. Kf4 a2 56. Kg5 Kf7 57. f4 Ke7 58. Kf5 Kd7
59. g5 Ke7 60. g6 Rd1 61. Rxa2 Rd5+ 62. Kg4 Kf6 63. Ra6+ Kg7 64. f5 Kh6 65. Ra7
Rd4+ 66. Kf3 Kg5 67. g7 1-0

[Event "Olimpiade 2014 - Open"]
[Site "Tromsø"]
[Date "04.08.2014"]
[Round "3.3"]
[Board "4"]
[White "Nikcevic, Nebojsa"]
[Black "Johannessen, Leif Erlend"]
[Result "1/2-1/2"]
[WhiteTitle "GM"]
[BlackTitle "GM"]
[WhiteElo "2427"]
[BlackElo "2528"]
[WhiteTeam "Montenegro"]
[BlackTeam "Norway"]
[WhiteFideId "901776"]
[BlackFideId "1501674"]
[EventDate "2014.08.02"]

1. Nf3 Nf6 2. c4 b6 3. Nc3 Bb7 4. d4 e6 5. g3 Bb4 6. Bd2 c5 7. dxc5 bxc5 8. Bg2
O-O 9. O-O d6 10. Bg5 Bxc3 11. bxc3 Qe7 12. Rb1 Be4 13. Nd2 Bxg2 14. Kxg2 Qc7
15. Bxf6 gxf6 16. Ne4 Qc6 17. f3 f5 18. Nf6+ Kg7 19. Nh5+ Kg6 20. Nf4+ Kf6 21.
e4 fxe4 22. fxe4 Ke7 23. Qe2 Nd7 24. Nd5+ Kd8 25. Nf6 Ne5 26. Nxh7 Rg8 27. Nf6
Rg6 28. Rf4 Ke7 29. Rbf1 Rh8 30. Ng4 f5 31. Nxe5 dxe5 32. R4f3 f4 33. R1f2 Rgh6
34. Kg1 Rg6 35. Kg2 Rhg8 36. Qd3 Rd8 37. Qb1 Rg4 38. Kh3 Rg7 39. Rb2 Kf6 40. Re2
Qe8 41. Kg2 Qh5 42. Ref2 Rh7 43. Kf1 Rhd7 44. Kg2 Rh7 45. Kf1 Rhd7 46. Kg2 1/2-1/2

[Event "Olimpiade 2014 - Open"]
[Site "Tromsø"]
[Date "04.08.2014"]
[Round "3.4"]
[Board "3"]
[White "Nisipeanu, Liviu-Dieter"]
[Black "Howell, David W L"]
[Result "1/2-1/2"]
[WhiteTitle "GM"]
[BlackTitle "GM"]
[WhiteElo "2689"]
[BlackElo "2650"]
[WhiteTeam "Germany"]
[BlackTeam "England"]
[WhiteFideId "1202758"]
[BlackFideId "410608"]
[EventDate "2014.08.02"]

1. e4 e5 2. Nf3 Nc6 3. Bb5 Nf6 4. O-O Nxe4 5. d4 Nd6 6. Bxc6 dxc6 7. dxe5 Nf5 8.
Qxd8+ Kxd8 9. Nc3 Bd7 10. b3 b6 11. Bb2 Kc8 12. Rad1 Be7 13. Ne2 h5 14. Rfe1 c5
15. Nf4 Bc6 16. Nd5 Kb7 17. c4 Rae8 18. Nd2 Rh6 19. Ne4 Bd8 20. f3 Rhe6 21. Nf4
Rh6 22. Nd5 Rhe6 23. Nf4 Rh6 24. Nd5 Rhe6 1/2-1/2

[Event "Olimpiade 2014 - Open"]
[Site "Tromsø"]
[Date "04.08.2014"]
[Round "3.5"]
[Board "3"]
[White "Bartel, Mateusz"]
[Black "Quesada Perez, Yuniesky"]
[Result "1/2-1/2"]
[WhiteTitle "GM"]
[BlackTitle "GM"]
[WhiteElo "2640"]
[BlackElo "2649"]
[WhiteTeam "Poland"]
[BlackTeam "Cuba"]
[WhiteFideId "1112635"]
[BlackFideId "3504409"]
[EventDate "2014.08.02"]

1. d4 Nf6 2. c4 e6 3. Nf3 Bb4+ 4. Nbd2 b6 5. a3 Bxd2+ 6. Qxd2 Bb7 7. e3 d6 8. b4
Nbd7 9. Bb2 O-O 10. Be2 a5 11. O-O Qe7 12. Qc2 axb4 13. axb4 c5 14. dxc5 dxc5
15. b5 Rfd8 16. Rfd1 Rxa1 17. Rxa1 Ne8 18. Ra7 Nd6 19. Nd2 Ra8 20. Rxa8+ Bxa8
21. Qa4 Qd8 22. Qa7 Bb7 23. f4 Qa8 24. Qxa8+ Bxa8 25. g4 f6 26. h4 Kf7 27. Kh2
Ne4 28. Nf3 Nd6 29. Nd2 Ne4 30. Nf1 Bb7 31. h5 h6 32. Kh3 Nf2+ 33. Kg3 Ne4+ 34.
Kh4 Ke7 35. Nh2 Nd6 36. Nf1 Ne4 37. Ng3 Nxg3 38. Kxg3 Be4 39. g5 Kf7 40. Kh4 Ke7
41. Bc3 1/2-1/2

[Event "Olimpiade 2014 - Open"]
[Site "Tromsø"]
[Date "04.08.2014"]
[Round "3.5"]
[Board "4"]
[White "Ortiz Suarez, Isan Reynaldo"]
[Black "Socko, Bartosz"]
[Result "1/2-1/2"]
[WhiteTitle "GM"]
[BlackTitle "GM"]
[WhiteElo "2603"]
[BlackElo "2612"]
[WhiteTeam "Cuba"]
[BlackTeam "Poland"]
[WhiteFideId "3507165"]
[BlackFideId "1107038"]
[EventDate "2014.08.02"]

1. e4 e5 2. Nf3 Nf6 3. Nxe5 d6 4. Nf3 Nxe4 5. Nc3 Nxc3 6. dxc3 Be7 7. Be3 Nd7 8.
Qd2 O-O 9. O-O-O Re8 10. h4 Nf8 11. Bd3 Bg4 12. Rdg1 Bxf3 13. gxf3 Bf6 14. h5
Ne6 15. Rg4 d5 16. Bf5 Kh8 17. Qd3 h6 18. Rhg1 Qd6 19. Bxe6 Rxe6 20. Qd2 Kh7 21.
Qd3+ Kh8 22. Qf1 c5 23. Qg2 Qf8 24. Kb1 Rae8 25. Rd1 Re5 26. Qh1 Rd8 27. Ra4 Qe8
28. Rxa7 d4 29. cxd4 cxd4 30. Bc1 Re2 31. f4 d3 32. Rxd3 Rxd3 33. cxd3 Qb5 34.
Rxb7 Qxd3+ 35. Ka1 Rxf2 36. Rb8+ Kh7 37. Qa8 Bxb2+ 38. Rxb2 Qc4 39. Rb1 Qd4+ 40.
Bb2 Rxb2 41. Rxb2 1/2-1/2

[Event "Olimpiade 2014 - Open"]
[Site "Tromsø"]
[Date "04.08.2014"]
[Round "3.7"]
[Board "1"]
[White "Solak, Dragan"]
[Black "Jobava, Baadur"]
[Result "1/2-1/2"]
[WhiteTitle "GM"]
[BlackTitle "GM"]
[WhiteElo "2632"]
[BlackElo "2713"]
[WhiteTeam "Turkey"]
[BlackTeam "Georgia"]
[WhiteFideId "916811"]
[BlackFideId "13601520"]
[EventDate "2014.08.02"]

1. e4 e6 2. d4 d5 3. Nd2 Bd7 4. Ngf3 dxe4 5. Nxe4 Bc6 6. Bd3 Nd7 7. O-O Ngf6 8.
Ng3 g6 9. b3 Bg7 10. Ba3 Bxf3 11. Qxf3 c6 12. c4 Qc7 13. Rfe1 O-O-O 14. Rad1 h5
15. Bc1 Ng4 16. Bc2 Bh6 17. Bxh6 Nxh6 18. d5 exd5 19. cxd5 cxd5 20. Bxg6 fxg6
21. Rc1 Nc5 22. b4 Rhf8 23. Qe3 Ng4 24. Qxc5 Qxc5 25. Rxc5+ Kb8 26. f3 Nf6 27.
Ne2 d4 28. Rd1 d3 29. Nc1 Nd5 30. a3 Nf4 31. g3 Ne6 32. Rc3 Rxf3 33. Rcxd3 Rfxd3
34. Rxd3 Nd4 35. Kf2 Rf8+ 36. Ke3 Nf3 37. h3 Ne5 38. Rc3 b5 39. Ke4 Nc4 40. Nd3
Nd2+ 41. Kd4 Rd8+ 42. Ke3 Nc4+ 43. Kf4 Rf8+ 44. Ke4 Re8+ 45. Kd4 g5 46. Nc5 g4
47. hxg4 hxg4 48. Nd7+ Kb7 49. Nf6 Rd8+ 50. Ke4 a5 51. bxa5 Ka6 52. Nxg4 Kxa5
53. Ne3 Nd2+ 54. Kf4 Ka4 55. Nc2 Nb1 56. Rc5 Rb8 57. g4 Nxa3 58. Nxa3 Kxa3 59.
g5 b4 60. Ra5+ 1/2-1/2

[Event "Olimpiade 2014 - Open"]
[Site "Tromsø"]
[Date "04.08.2014"]
[Round "3.7"]
[Board "2"]
[White "Mchedlishvili, Mikheil"]
[Black "Can, Emre"]
[Result "1/2-1/2"]
[WhiteTitle "GM"]
[BlackTitle "GM"]
[WhiteElo "2618"]
[BlackElo "2529"]
[WhiteTeam "Georgia"]
[BlackTeam "Turkey"]
[WhiteFideId "13600966"]
[BlackFideId "6302181"]
[EventDate "2014.08.02"]

1. d4 Nf6 2. c4 e6 3. Nf3 d5 4. Nc3 Be7 5. Bf4 O-O 6. e3 Nbd7 7. a3 c5 8. cxd5
Nxd5 9. Nxd5 exd5 10. dxc5 Nxc5 11. Be5 Bf6 12. Be2 Bxe5 13. Nxe5 Re8 14. Nf3
Qb6 15. Rc1 Ne6 16. Qd2 Rd8 17. Rd1 Bd7 18. Qb4 Qxb4+ 19. axb4 Ba4 20. Rd2 Rd6
21. Bd1 Bxd1 22. Kxd1 Rc8 23. Ke2 Rb6 24. Ra1 a6 25. Ra5 Rxb4 26. Raxd5 g6 27.
Nd4 Nxd4+ 28. R5xd4 Rxd4 29. exd4 Kf8 30. Kd3 Ke7 31. Rd1 1/2-1/2

[Event "Olimpiade 2014 - Open"]
[Site "Tromsø"]
[Date "04.08.2014"]
[Round "3.7"]
[Board "3"]
[White "Yilmaz, Mustafa"]
[Black "Pantsulaia, Levan"]
[Result "1/2-1/2"]
[WhiteTitle "GM"]
[BlackTitle "GM"]
[WhiteElo "2569"]
[BlackElo "2581"]
[WhiteTeam "Turkey"]
[BlackTeam "Georgia"]
[WhiteFideId "6302718"]
[BlackFideId "13602071"]
[EventDate "2014.08.02"]

1. d4 Nf6 2. c4 c5 3. d5 g6 4. Nc3 Bg7 5. e4 O-O 6. Be2 e6 7. Nf3 d6 8. O-O exd5
9. exd5 Bf5 10. Bd3 Bxd3 11. Qxd3 Na6 12. h3 Qb6 13. Rb1 Rfe8 14. a3 Re7 15. Bg5
h6 16. Bh4 Rae8 17. Nd2 Nb8 18. Qc2 Nbd7 19. f4 a6 20. Kh2 Qd8 21. a4 Qa5 22.
Ra1 Re3 23. Bf2 R3e7 24. Bh4 Re3 25. Bf2 R3e7 26. Bh4 1/2-1/2

[Event "Olimpiade 2014 - Open"]
[Site "Tromsø"]
[Date "04.08.2014"]
[Round "3.7"]
[Board "4"]
[White "Shanava, Konstantine"]
[Black "Ipatov, Alexander"]
[Result "1/2-1/2"]
[WhiteTitle "GM"]
[BlackTitle "GM"]
[WhiteElo "2563"]
[BlackElo "2614"]
[WhiteTeam "Georgia"]
[BlackTeam "Turkey"]
[WhiteFideId "13601784"]
[BlackFideId "14116731"]
[EventDate "2014.08.02"]

1. e4 c6 2. d4 d5 3. exd5 cxd5 4. c4 Nf6 5. Nc3 Nc6 6. Nf3 Bg4 7. cxd5 Nxd5 8.
Qb3 Bxf3 9. gxf3 Nb6 10. d5 Nd4 11. Bb5+ Nd7 12. Qa4 Nxb5 13. Qxb5 g6 14. O-O
Bg7 15. Re1 O-O 16. Bg5 Bf6 17. Bxf6 Nxf6 18. Qxb7 Re8 19. Rad1 Qd6 20. Ne4 Qf4
21. Qb3 Rab8 22. Qa3 Nxe4 23. Rxe4 Qg5+ 24. Kf1 Qf6 25. Rd2 Rbc8 26. Qe3 Qd6 27.
Kg2 Rc5 28. Qh6 Qf6 29. Rh4 Qg7 30. Qe3 Qf6 31. Ra4 a5 32. d6 Re5 33. d7 Rd8 34.
Re4 Rg5+ 35. Kf1 Qa6+ 36. Qe2 Qxe2+ 37. Kxe2 Kf8 38. f4 Rf5 39. Re5 Rxf4 40.
Rxa5 e6 41. Ra7 Ke7 42. a3 Rf5 43. b4 Rb5 44. Ke3 g5 45. Ra5 Rxa5 46. bxa5 Rxd7
47. Rxd7+ Kxd7 48. Kd4 h5 49. Ke5 h4 50. Kf6 g4 51. Kg5 g3 52. fxg3 hxg3 53.
hxg3 e5 54. g4 Kc6 55. Kh4 f6 56. g5 fxg5+ 57. Kxg5 Kb5 58. Kf5 Kxa5 59. Kxe5
Ka4 60. Ke4 Kxa3 1/2-1/2

[Event "Olimpiade 2014 - Open"]
[Site "Tromsø"]
[Date "04.08.2014"]
[Round "3.8"]
[Board "1"]
[White "Stefansson, Hannes"]
[Black "Ivanisevic, Ivan"]
[Result "1/2-1/2"]
[WhiteTitle "GM"]
[BlackTitle "GM"]
[WhiteElo "2536"]
[BlackElo "2613"]
[WhiteTeam "Iceland"]
[BlackTeam "Serbia"]
[WhiteFideId "2300087"]
[BlackFideId "912417"]
[EventDate "2014.08.02"]

1. d4 Nf6 2. c4 c5 3. d5 g6 4. Nc3 Bg7 5. e4 O-O 6. Nf3 e6 7. Bd3 exd5 8. cxd5
d6 9. h3 Nh5 10. O-O Nd7 11. Bg5 Bf6 12. Be3 Ne5 13. Be2 Nxf3+ 14. Bxf3 Ng7 15.
Bf4 Re8 16. Qd2 Rb8 17. a4 Be5 18. Rab1 f5 19. b4 Bxf4 20. Qxf4 g5 21. Qd2 cxb4
22. Rxb4 f4 23. Nb5 h5 24. Qe2 a6 25. Na7 Bf5 26. Bxh5 Rxe4 27. Rxe4 Bxe4 28.
Qxe4 Nxh5 29. Qe6+ Kh7 30. Rb1 Ng7 31. Qf7 Qe8 32. Qc7 Qe4 33. Rc1 Re8 34. Nc8
Qxd5 35. Nxd6 Re2 36. Nxb7 Qd2 37. Qc4 f3 38. gxf3 Ne6 39. Rf1 Nf4 40. Qf7+ Kh6
41. Qf6+ Kh7 42. Nd6 Re1 43. Qf7+ 1/2-1/2